Energy conservation sourcebook / (Record no. 60463)
[ view plain ]
| 000 -LEADER | |
|---|---|
| fixed length control field | 01115nam a2200313 a 4500 |
| 001 - CONTROL NUMBER | |
| control field | 60463 |
| 003 - CONTROL NUMBER IDENTIFIER | |
| rucl marc code | BD-RjUL |
| 005 - DATE AND TIME OF LATEST TRANSACTION | |
| control field | 20211209080839.0 |
| 008 - FIXED-LENGTH DATA ELEMENTS--GENERAL INFORMATION | |
| fixed length control field | 170101s1980 mdua 001 0 eng |
| 020 ## - INTERNATIONAL STANDARD BOOK NUMBER | |
| International Standard Book Number | 0894430890 |
| 035 ## - SYSTEM CONTROL NUMBER | |
| System control number | (BD-RjUL)60587 |
| 040 ## - CATALOGING SOURCE | |
| Original cataloging agency | DLC |
| Transcribing agency | DLC |
| Modifying agency | DLC |
| Language of cataloging | eng |
| 041 ## - LANGUAGE CODE | |
| Language code of text/sound track or separate title | eng |
| 082 00 - DEWEY DECIMAL CLASSIFICATION NUMBER | |
| Classification number | 658.2 |
| Edition number | 23 |
| Author mark and year | ENE 1980 |
| 245 00 - TITLE STATEMENT | |
| Title | Energy conservation sourcebook / |
| Statement of responsibility, etc. | editors, Kenneth Lawrence, Alexander McRae, Salley Alley ; consulting editors, Tom Watson, Howard Rowland. |
| 260 ## - PUBLICATION, DISTRIBUTION, ETC. (IMPRINT) | |
| Place of publication, distribution, etc. | Rockville, Md. : |
| Name of publisher, distributor, etc. | Aspen Systems Corp., |
| Date of publication, distribution, etc. | 1980. |
| 300 ## - PHYSICAL DESCRIPTION | |
| Pagination | x, 507 p. : |
| Illustrations | ill. ; |
| Size | 24 cm. |
| 500 ## - GENERAL NOTE | |
| General note | Compiled by the Center for Compliance Information. |
| General note | Includes index. |
| 650 #0 - SUBJECT ADDED ENTRY--TOPICAL TERM | |
| Topical term or geographic name as entry element | Energy conservation |
| Geographic subdivision | United States. |
| 9 (RLIN) | 179941 |
| 700 1# - ADDED ENTRY--PERSONAL NAME | |
| Personal name | Lawrence, Kenneth, |
| Dates associated with a name | 1948- |
| Personal name | McRae, Alexander, |
| Dates associated with a name | 1933- |
| Personal name | Alley, Salley. |
| Personal name | Watson, Tom, |
| Dates associated with a name | 1945- |
| Personal name | Rowland, Howard S. |
| 710 2# - ADDED ENTRY--CORPORATE NAME | |
| Corporate name or jurisdiction name as entry element | Center for Compliance Information (Aspen Systems Corporation) |
| 9 (RLIN) | 179947 |
| 942 ## - ADDED ENTRY ELEMENTS (KOHA) | |
| Source of classification or shelving scheme | Dewey Decimal Classification |
| Koha item type | Books |
| Lost status | Source of classification or shelving scheme | Damaged status | Not for loan | Collection code | Permanent Location | Current Location | Shelving location | Date acquired | Total Checkouts | Full call number | Date last seen | Copy number | Koha item type |
|---|---|---|---|---|---|---|---|---|---|---|---|---|---|
| Dewey Decimal Classification | Not For Loan | Non-fiction | Central Library, University of Rajshahi | Central Library, University of Rajshahi | Reading Room | 15/08/1989 | 658.2 ENE 1980 | 01/01/2017 | C-1 | Books |